Normal view
MARC view
- Nagrath. J. I
Entry Personal Name
001 - CONTROL NUMBER
- control field: 122715
003 - CONTROL NUMBER IDENTIFIER
- control field: NUST
005 - DATE AND TIME OF LATEST TRANSACTION
- control field: 20240516142427.0
008 - FIXED-LENGTH DATA ELEMENTS
- fixed length control field: 240516|| aca||aabn | a|a d
040 ## - CATALOGING SOURCE
- Original cataloging agency: NUST
- Transcribing agency: NUST
100 ## - HEADING--PERSONAL NAME
- Personal name: Nagrath. J. I
670 ## - SOURCE DATA FOUND
- Source citation: Work cat.: (NUST): Nagrath. J. I, Electronics, 2002.
